Hilary Swank Movies Quiz Stats

 Plays Quiz Updated Jan 3, 2018

Challenge
Share
Tweet
Embed
Score 0/26 Timer 06:00
1 Play Today
Year Movie % Correct
2004Million Dollar Baby
90.1%
1999Boys Don't Cry
64%
2007P.S. I Love You
40.3%
2009Amelia
39.1%
2017Logan Lucky
32.6%
1994The Next Karate Kid
32%
2014The Homesman
28%
2007Freedom Writers
26.1%
2011New Year's Eve
23%
2014You're Not You
20.3%
2016Spark: A Space Tail
19.3%
2003The Core
17%
2007The Reaping
10.6%
Year Movie % Correct
2002Insomnia
10.5%
201755 Steps
10.5%
1992Buffy the Vampire Slayer
10.1%
2006The Black Dahlia
8.9%
2001The Affair of the Necklace
6%
2000The Gift
5.9%
2010Conviction
4.2%
200311:14
3.8%
2004Red Dust
2.9%
2008Birds of America
2.8%
1998Heartwood
2.3%
1997Quiet Days in Hollywood
2.2%
1997Kounterfeit
2.2%

You're not logged in!

Compare scores with friends on all Sporcle quizzes.
Join for Free
OR
Log In

You Might Also Like...

Show Comments

Extras

Top Quizzes Today


Score Distribution

Your Account Isn't Verified!

In order to create a playlist on Sporcle, you need to verify the email address you used during registration. Go to your Sporcle Settings to finish the process.

Report this User

Report this user for behavior that violates our Community Guidelines.

Details: